00278nam a2200121Ia 4500008004100000041000900041082001500050100001800065245002100083260003600104300000800140650000800148230718s9999 xx 000 0 und d aEng. a341bCOL-C aCollie, J. Go 0aConflict of laws aPakistanbKangal brothersc1995 a173 aLaw